Music Quiz

Random Music or Song Quiz
Score 0/14 Timer 01:00
0 Plays Today
Song Title Who wrote it? Tegan or Sara % Correct
The Con???
93.7%
I Was Married???
92.2%
Nineteen???
87.7%
Knife Going In???
85.8%
Hop A Plane???
84.7%
Back In Your Head???
83.6%
Are You Ten Years Ago???
81%
Song Title Who wrote it? Tegan or Sara % Correct
Call It Off???
79.9%
Dark Come Soon???
79.1%
Like O, Like H???
77.6%
Burn Your Life Down???
76.1%
Relief Next To Me???
75.7%
Floorplan???
75.7%
Soil, Soil???
68.3%
Remove Ads.
Support Sporcle.
Get the best of Sporcle when you Go Orange. This ad-free experience offers more features, more stats, and more fun while also helping to support Sporcle. Thank you for becoming a member.

You're not logged in!

Compare scores with friends on all Sporcle quizzes.
OR
Log In

Show Comments

Extras

Created Jan 18, 2015ReportNominate
Tags:Song Quiz, con, sara, Tegan And Sara

Top Quizzes Today


Score Distribution

Your Account Isn't Verified!

In order to create a playlist on Sporcle, you need to verify the email address you used during registration. Go to your Sporcle Settings to finish the process.

Report this User

Report this user for behavior that violates our Community Guidelines.

Details: